Responses for Show #7315 - Friday, June 3, 2016

Contestants

[<< previous game]

Jeremy Eaton, a graduate student and instructor originally from Gambrills, Maryland

Lincoln Hamilton, a writer originally from Irving, Texas

Kelly Bayles, a librarian from Tulsa, Oklahoma (whose 2-day cash winnings total $37,500)

[next game >>]

Jeopardy! Round responses

STATE CAPITAL NICKNAMES
TAROT CARDS
POLITICAL BOOKS
MISSING MOVIE NAMES
(Alex: You fill in the gap.)
LIKE A G-6
(Alex: Each correct response will begin with a "G" and have six letters.)
KANSAS CITY BARBEQUE
(Kelly: Some say it's the best in the country, and some say the best in the city is here at Arthur Bryant's.)
    $200 12
Boston

Kelly
    $200 11
the Wheel of Fortune

Jeremy
    $200 26
(Lincoln: What is the FBI?)

the CIA

KellyLincoln
    $200 1
Bill & Ted

Lincoln
    $200 16
a gurney

Jeremy
    $200 6
vinegar

Jeremy
    $400 22
Denver

Jeremy
    $400 13
a chariot

Kelly
    $400 27
Giuliani

Jeremy
    $400 2
Fred

Jeremy
    $400 17
a goblin

Kelly
    $400 7
slabs

Kelly
    $2,500 23
Juneau (Alaska)

Jeremy
    $600 14
a star

Jeremy
    $600 28
(Alex: [*].)
([*]: What is [*]?)
(Alex: Yes.)
[Laughter]
([*]: $800.)
(Alex: See, when you say your name, you're correct.)

Lincoln

Lincoln
    $600 3
Eve

Kelly
    $600 18
a gainer

Jeremy
    $600 8
dry rub

Jeremy
    $800 24
Richmond (Virginia)

Kelly
    $800 15
emperor

Lincoln
    $800 29
the Vietnam War

Lincoln
    $800 4
Eli

Jeremy
    $800 19
gyrate

Jeremy
    $800 9
(Lincoln: What is mesquite?)

hickory

KellyLincoln
    $1000 25
Cheyenne

Triple Stumper
    $1000 21
a hermit

Jeremy
    $1000 30
George H.W. Bush

Triple Stumper
    $1000 5
Chuck & Larry

Kelly
    $1000 20
garish

Kelly
    $1000 10
burnt ends

Kelly

Scores at the first commercial break (after clue 15):

Kelly Lincoln Jeremy
$4,400 $200 $2,800

Scores at the end of the Jeopardy! Round:

Kelly Lincoln Jeremy
$6,800 $1,400 $8,700

Double Jeopardy! Round responses

THE MAN WHO WOULD BE KING
3 VOWELS IN A ROW
TV IN ALL FORMS
C.T.
SCAN
(Alex: Good news...)
IT'S NOT A TUMOR
    $400 13
(Lincoln: Uh, [as Arnold Schwarzenegger] IT'S NOT A TUMOR for $800.)

Louis XIV

Lincoln
    $400 29
a luau

Jeremy
    $400 27
Better Call Saul

Kelly
    $400 28
crocodile tears

Kelly
    $400 30
four

Kelly
    $400 26
kidney stones

Kelly
    $800 9
Catholicism

Kelly
    $800 5
lieu

Jeremy
    $800 1
(Eva) Longoria

Lincoln
    $800 19
(Lincoln: Uh, who is Chrissy Tiegs?)

Chrissy Teigen

Lincoln
Triple Stumper
    $800 18
Limerick

Lincoln
    $800 14
a spur

Lincoln
    $1200 10
the regent

Jeremy
    $5,000 6
(Jeremy: What are s... spacious skies?)
...
(Alex: You needed two words with three vowels in a row.)

beautiful & spacious

Jeremy
    $1200 2
James Corden

Triple Stumper
    $1200 20
the carpal tunnel

Kelly
    $1200 15
"House Of The Rising Sun"

Jeremy
    $1200 23
vertigo

Kelly
    $1600 11
(Kelly: Who is Albert?)

(King) Leopold (of Belgium)

KellyJeremy
    $1600 7
a queue

Jeremy
    $1600 3
General Hospital

Kelly
    $1600 21
(Jeremy: What is carrot... beer?)
[Laughter]
(Alex: Car--there's the kind of mom you want. "Have some carrot beer, son." Kelly.)
...
(Alex: By the way, it tastes a lot like carrot beer. Kelly, back to you.)

chamomile tea

KellyJeremy
    $1600 16
an iamb

Lincoln
    $2,000 24
(Kelly: [Sighs] What is... macular degeneration?)

detached retina

Kelly
    $2000 12
(Alex: All right, we'll accept that.)

Kaiser Wilhelm (II)

Kelly
    $2000 8
onomatopoeia

Jeremy
    $2000 4
Band of Brothers

Lincoln
    $2000 22
charitable trusts

Triple Stumper
    $2000 17
Beowulf

Kelly
    $2000 25
colitis

Kelly

Scores at the end of the Double Jeopardy! Round:

Kelly Lincoln Jeremy
$17,200 $7,000 $10,900

[wagering suggestions for these scores]

Final Jeopardy! Round responses

BUSINESS
LincolnWhat is Jamba Juice? Juice
$5,601
JeremyWhat is ?
$7,100
KellyWhat is Jamba Juice?
$8,000
Jamba Juice

Final scores:

Kelly Lincoln Jeremy
$25,200 $12,601 $3,800
3-day champion: $62,700 2nd place: $2,000 3rd place: $1,000

Game dynamics:

Coryat scores:

Kelly Lincoln Jeremy
$19,200 $7,000 $14,000
23 R,
2 W
(including 1 DD)
10 R,
3 W
20 R
(including 1 DD),
2 W
(including 1 DD)

Combined Coryat: $40,200

[game clues] [game scores] [suggest correction]

Game tape date: Unknown
The J! Archive is created by fans, for fans. Scraping, republication, monetization, and malicious use prohibited; this site may use cookies and collect identifying information. See terms. The Jeopardy! game show and all elements thereof, including but not limited to copyright and trademark thereto, are the property of Jeopardy Productions, Inc. and are protected under law. This website is not affiliated with, sponsored by, or operated by Jeopardy Productions, Inc. Join the discussion at JBoard.tv.